Taylor Swift - Devine les chansons par leurs bridge #12 - Statistiques

Statistiques générales
  • Ce quiz a été pris 76 fois
  • Le résultat moyen est 5 sur 15
Statistiques - réponses
Hint Réponse % Correct
You shit-talked me under the tableTalkin' rings and talkin' cradles I wish I could un-recall How we almost had it all Dancing phantoms on the terrace Are they second-hand embarrassed That I can't get out of bed 'Cause something counterfeit's dead? It was legendary It was momentary It was unnecessary Should've let it stay buried loml
82%
Did you ever hear about the girl who got frozen?Time went on for everybody else, she won't know it She's still twenty-three inside her fantasy How it was supposed to be Did you hear about the girl who lives in delusion? Breakups happen every day, you don't have to lose it She's still twenty-three inside her fantasy And you're sitting in front of me Right Where You Left Me
73%
Please, don't ever become a strangerWhose laugh I could recognize anywhere Please, don't ever become a stranger Whose laugh I could recognize anywhere New Year’s Day
71%
Take pictures in your mind of your childhood roomMemorize what it sounded like when your dad gets home Remember the footsteps, remember the words said And all your little brother's favorite songs I just realized everything I have is, someday, gonna be gone Never Grow Up
48%
Lyrical smile, indigo eyes, hand on my thighWe could follow the sparks, I'll drive Lyrical smile, indigo eyes, hand on my thigh We could follow the sparks, I'll drive "So where we gonna go?" I whisper in the dark "Where we gonna go?" *** I Think He Knows
44%
Half asleepTakin’ your time in the tangerine Neon light, this is luxury You're not sayin' you're in love with me But you're goin' to Half awake Takin' your chance, it's a big mistake I said, "It might blow up in your pretty face" I'm not sayin', "Do it anyway" (Do it anyway) But you're going to « Slut! »
39%
I want auroras and sad proseI want to watch wisteria grow right over my bare feet 'Cause I haven't moved in years And I want you right here A red rose grew up out of ice frozen ground With no one around to tweet it While I bathe in cliffside pools With my calamitous love and insurmountable grief the lakes
37%
So I wander through these nightsI prefer hiding in plain sight My fourth drink in my hand These desperate prayers of a cursed man Spilling out to you for free But darling, darling, please You wouldn't take my word for it if you knew who was talking If you knew where I was walking To a house, not a home, all alone 'cause nobody's there Where I pace in my pen and my friends found friends who care No one sees when you lose when you're playing solitaire Dear Reader
34%
What if I'm standin' in your closet trying to talk to you?And what if I kept the hand-me-downs you won't grow into? And what if I really thought some miracle would see us through? And what if the miracle was even gettin' one moment with you? Ronan
23%
If I was standing there in your apartmentI'd take that bomb in your head and disarm it I'd say, "I love you even at your darkest and Please, don't go" Forever Winter
19%
Time breaks down your mind and bodyDon't you let it touch your soul It was like an age-old classic The first time that you saw me The story started when you said, "Hello" Timeless
19%
Oh, I hate those voicesTellin' me I'm not in love anymore But they don't give me choices And that's what these tears are for We Were Happy
13%
Like shadows in a faded lightOh, we're *** I just wanna open your eyes And make you realize Invisible
11%
The bottom's gonna drop out from under our feetI'll catch you, I'll catch you When people say things that bring you to your knees I'll catch you The time is gonna come when you're so mad you could cry But I'll hold you through the night until you smile Jump Then Fall
8%
And you knowThat I don't want you to go How You Get The Girl
6%
Aucun quiz correspondant
Distribution des résultats
% des personnes avec chaque résultat
Percentile par nombre de réponses
Votre historique - résultats
Vous n’avez pas pris ce quiz